[Event "Heatwave continues"]
[Site "SchemingMind.com"]
[Date "2015.08.14"]
[Round "-"]
[White "Manfred Kraut"]
[Black "cnile"]
[Result "1/2-1/2"]
[WhiteCountry "GER"]
[BlackCountry "SCO"]
[WhiteElo "1557"]
[WhiteRD "62"]
[BlackElo "1480"]
[BlackRD "62"]
[GameID "384795"]

1. d4 Nf6 2. Nf3 d5 3. e3 Bf5 4. b3 e6 5. Bb2 h6 6. Be2 Bd6 7. O-O O-O 8. Nbd2 Nbd7 9. Ne5 a6 10. f4 Ne4
11. Rf3 Bg4 12. Rf1 Bxe2 13. Qxe2 Ndf6 14. c4 Nxd2 15. Qxd2 c6 16. c5 Bc7 17. Rf3 Ne4 18. Qe2 Qe7 19. b4 Nf6 20. Rh3 Rfe8
21. Rf1 Bd8 22. Qf3 Ne4 23. Qg4 Bc7 24. Rxh6 Nf6 25. Qg5 Ne4 26. Qxe7 Rxe7 27. Rh3 Bxe5 28. fxe5 g6 29. Rf4 Ree8 30. Rfh4 Kf8
31. a4 Ke7 32. Rh7 Ng5 33. R3h6 Nxh7 34. Rxh7 Rh8 35. Rxh8 Rxh8 36. h3 Rh5 37. Kh2 f5 38. exf6+ Kxf6 39. g4 Rh7 40. Kg3 Kg5
41. Bc1 Rf7 42. h4+ Kh6 43. e4+ Kg7 44. exd5 exd5 45. g5=
1/2-1/2

[Event "Heatwave continues"]
[Site "SchemingMind.com"]
[Date "2015.08.14"]
[Round "-"]
[White "cnile"]
[Black "Manfred Kraut"]
[Result "0-1"]
[WhiteCountry "SCO"]
[BlackCountry "GER"]
[WhiteElo "1477"]
[WhiteRD "65"]
[BlackElo "1436"]
[BlackRD "64"]
[GameID "384796"]

1. e4 c5 2. Nf3 Nc6 3. d4 cxd4 4. Nxd4 g6 5. Nxc6 bxc6 6. Qd4 Nf6 7. Nc3 Bg7 8. Be3 O-O 9. Bc4 e6 10. Qd6 e5
11. Qxe5 Ng4 12. Qg3 Nxe3 13. Qxe3 Re8 14. O-O d5 15. exd5 Rxe3
0-1

[Event "Heatwave continues"]
[Site "SchemingMind.com"]
[Date "2015.08.13"]
[Round "-"]
[White "Manfred Kraut"]
[Black "grabapawn"]
[Result "0-1"]
[WhiteCountry "GER"]
[BlackCountry "USA"]
[WhiteElo "1436"]
[WhiteRD "64"]
[BlackElo "1585"]
[BlackRD "66"]
[GameID "385943"]

1. d4 d5 2. Nf3 Nf6 3. e3 Nc6 4. Bd3 Bg4 5. Nbd2 e5 6. dxe5 Nxe5 7. Be2 Bd6 8. Nxe5 Bxe2 9. Qxe2 Bxe5 10. O-O Qd6
11. a4 Bxh2+ 12. Kh1 O-O-O 13. Nf3 Be5 14. Nxe5 Qxe5 15. Rb1 Qg5 16. e4 Qh4+ 17. Kg1 g5 18. Qe3 Ng4 19. Qh3 Qxh3 20. gxh3 Ne5
21. Bxg5 Nf3+ 22. Kg2 Nxg5 23. e5 Rhg8 24. Kh2 Nf3+ 25. Kh1 Rg5 26. Rbd1 Rdg8 27. b3 Rh5 28. Rxd5 Rxh3#
0-1

[Event "Heatwave continues"]
[Site "SchemingMind.com"]
[Date "2015.08.13"]
[Round "-"]
[White "grabapawn"]
[Black "Manfred Kraut"]
[Result "0-1"]
[WhiteCountry "USA"]
[BlackCountry "GER"]
[WhiteElo "1585"]
[WhiteRD "66"]
[BlackElo "1436"]
[BlackRD "64"]
[GameID "385944"]

1. e4 c5 2. Nc3 Nc6 3. Nf3 g6 4. Bc4 Bg7 5. d3 d6 6. O-O Nf6 7. Bf4 O-O 8. Qe2 Nh5 9. Be3 Bd7 10. Rad1 Ne5
11. Bb3 a6 12. d4 Nxf3+ 13. Qxf3 Qc8 14. Nd5 Bg4 15. Nxe7+ Kh8 16. Nxc8 Bxf3 17. gxf3 Raxc8 18. Bd5 cxd4 19. Bxd4 Bxd4 20. Rxd4 Nf4
21. c4 Ne2+ 22. Kg2 Nxd4 23. Rd1 Nc6 24. a3 b5 25. cxb5 axb5 26. Rc1 Ne7 27. Rxc8 Rxc8 28. Bxf7 Kg7 29. Bb3 h5 30. h4 Nc6
31. Kg3 Nd4 32. Bd1 Rc1
0-1

[Event "Heatwave continues"]
[Site "SchemingMind.com"]
[Date "2015.08.14"]
[Round "-"]
[White "grabapawn"]
[Black "cnile"]
[Result "1-0"]
[WhiteCountry "USA"]
[BlackCountry "SCO"]
[WhiteElo "1585"]
[WhiteRD "66"]
[BlackElo "1477"]
[BlackRD "65"]
[GameID "385945"]

1. e4 e6 2. d4 d5 3. Nc3 Bb4 4. Bd2 Nf6 5. a3 Bxc3 6. Bxc3 Nxe4 7. Bb4 Qf6 8. Nf3 Nc6 9. Bb5 Bd7 10. O-O Nxb4
11. Bxd7+ Kxd7 12. axb4 Nd6 13. Ne5+ Ke7 14. Qd3 Rhe8 15. Qc3 c6 16. f4 Rad8 17. Rxa7 Kf8 18. Ng4 Qe7 19. Qh3 Kg8 20. f5 Nxf5
21. c3 Ra8 22. Rfa1 Nd6 23. Rxa8 Rxa8 24. Rxa8+
1-0

[Event "Heatwave continues"]
[Site "SchemingMind.com"]
[Date "2015.08.14"]
[Round "-"]
[White "cnile"]
[Black "grabapawn"]
[Result "0-1"]
[WhiteCountry "SCO"]
[BlackCountry "USA"]
[WhiteElo "1477"]
[WhiteRD "65"]
[BlackElo "1585"]
[BlackRD "66"]
[GameID "385946"]

1. e4 e5 2. Nf3 Nc6 3. Bb5 d6 4. d4 a6 5. Ba4 b5 6. Bb3 Nf6 7. Qe2 Bg4 8. c3 Be7 9. Nbd2 O-O 10. h3 Bh5
11. g4 Bg6 12. Nf1 Nxe4 13. Be3 Na5 14. Bc2 Nc4 15. b3 Nxe3 16. Nxe3 Nxc3 17. Qd2 b4 18. Bxg6 fxg6 19. Ng1 Ne4 20. dxe5 Nxd2
21. Kxd2 dxe5+
0-1

[Event "Heatwave continues"]
[Site "SchemingMind.com"]
[Date "2015.08.14"]
[Round "-"]
[White "Manfred Kraut"]
[Black "maro"]
[Result "1-0"]
[WhiteCountry "GER"]
[BlackCountry "MEX"]
[WhiteElo "1506"]
[WhiteRD "62"]
[BlackElo "1385"]
[BlackRD "56"]
[GameID "385949"]

1. d4 d5 2. Nf3 Nc6 3. e3 Bf5 4. Nbd2 Qd6 5. Be2 Nf6 6. O-O Nb4 7. Bd3 Bxd3 8. cxd3 Nxd3 9. b3 e6 10. a4 Be7
11. Ba3 Nb4 12. Re1 O-O 13. e4 dxe4 14. Nxe4 Nxe4 15. Rxe4 Qb6 16. Ne5 Rad8 17. Qd2 a5 18. Nc4 c5 19. Nxb6 cxd4 20. Rg4 g6
21. Nc4 Bf6 22. Nxa5 d3 23. Bxb4 Rfe8 24. Nxb7 Rc8 25. Nd6
1-0

[Event "Heatwave continues"]
[Site "SchemingMind.com"]
[Date "2015.08.14"]
[Round "-"]
[White "maro"]
[Black "Manfred Kraut"]
[Result "0-1"]
[WhiteCountry "MEX"]
[BlackCountry "GER"]
[WhiteElo "1385"]
[WhiteRD "56"]
[BlackElo "1506"]
[BlackRD "62"]
[GameID "385950"]

1. e4 c5 2. Bc4 Nc6 3. Qf3 Ne5 4. Qb3 e6 5. Nf3 Nxc4 6. Qxc4 Nf6 7. e5 Nd5 8. d3 g6 9. Bg5 Be7 10. Bxe7 Qxe7
11. O-O a6 12. Nc3 Nf4 13. Qxf4 O-O 14. Ne4 b6 15. Nd6 b5 16. a3 Rb8 17. Ng5 h6 18. Nf3 Bb7 19. Qxh6 Bxf3 20. gxf3 b4
21. axb4 Rxb4 22. Rxa6 Rh4 23. Qe3 Kg7 24. Qxc5 Qg5+ 25. Kh1 Rfh8 26. Ne8+ Rxe8 27. Rg1 Qh5 28. Rg2 Qxf3 29. Ra1 Reh8 30. Kg1 Qf4
31. Rg3 Rxh2 32. Kf1 Rh1+ 33. Rg1 Rxg1+ 34. Kxg1 Qh2+ 35. Kf1 Qh1+ 36. Ke2 Qxa1 37. b4 Rh1 38. Qe7 Qe1+ 39. Kf3 Rh3+ 40. Kf4 Qxf2+
0-1

[Event "Heatwave continues"]
[Site "SchemingMind.com"]
[Date "2015.08.13"]
[Round "-"]
[White "grabapawn"]
[Black "maro"]
[Result "1-0"]
[WhiteCountry "USA"]
[BlackCountry "MEX"]
[WhiteElo "1585"]
[WhiteRD "66"]
[BlackElo "1435"]
[BlackRD "62"]
[GameID "385951"]

1. e4 Nc6 2. d4 d5 3. Nc3 Nf6 4. e5 Ne4 5. Nf3 Bf5 6. Bd3 e6 7. Be3 Nxc3 8. bxc3 Be7 9. O-O O-O 10. Qd2 h6
11. h3 Bh4 12. Bxf5 exf5 13. Bxh6 gxh6 14. Qxh6 Be7 15. h4 Qd7 16. Ng5 Bxg5 17. Qxg5+ Kh7 18. Qh5+ Kg7 19. Qg5+ Kh7 20. Qh5+ Kg7
21. Qg5+ Kh7 22. Rae1 Rg8 23. Qh5+ Kg7 24. Qg5+ Kf8 25. Qh6+ Ke8 26. e6 fxe6 27. Rxe6+ Ne7 28. Qf6 Rg6 29. Qxg6+ Kd8 30. Qf7 c6
31. Rfe1
1-0

[Event "Heatwave continues"]
[Site "SchemingMind.com"]
[Date "2015.08.13"]
[Round "-"]
[White "maro"]
[Black "grabapawn"]
[Result "0-1"]
[WhiteCountry "MEX"]
[BlackCountry "USA"]
[WhiteElo "1435"]
[WhiteRD "62"]
[BlackElo "1585"]
[BlackRD "66"]
[GameID "385952"]

1. e4 e5 2. Nf3 Nc6 3. d4 Nf6 4. dxe5 Nxe4 5. Be3 Bc5 6. Bxc5 Nxc5 7. c3 O-O 8. Bc4 d6 9. exd6 cxd6 10. O-O Be6
11. Nbd2 d5 12. Bb3 Qf6 13. Qe2 a6 14. c4 Nxb3 15. axb3 d4 16. Ne1 Rad8 17. Ne4 Qg6 18. Nd3 b6 19. Rxa6 f5 20. Ng3 f4
21. Ne4 Qf5 22. f3 Rb8 23. Nd6 Qg6 24. Nxf4 Rxf4 25. Rfa1 d3 26. Qe3 Bh3 27. g4 Qxd6 28. Rd1 Bxg4 29. Rxd3 Qf6 30. fxg4 Rxg4+
31. Kh1 Qf1+
0-1

[Event "Heatwave continues"]
[Site "SchemingMind.com"]
[Date "2015.08.14"]
[Round "-"]
[White "cnile"]
[Black "maro"]
[Result "1-0"]
[WhiteCountry "SCO"]
[BlackCountry "MEX"]
[WhiteElo "1482"]
[WhiteRD "65"]
[BlackElo "1385"]
[BlackRD "56"]
[GameID "385953"]

1. e4 e5 2. Nf3 Nc6 3. Bb5 Nge7 4. c3 d6 5. h3 Bd7 6. O-O d5 7. Re1 dxe4 8. Rxe4 a6 9. Ba4 b5 10. Bc2 Ng6
11. d4 Bd6 12. Bd2 O-O 13. Be3 Re8 14. dxe5 Ncxe5 15. Nxe5 Nxe5 16. Bd4 Nc4 17. Nd2 Nxb2 18. Qf3 Rxe4 19. Nxe4 Bc6 20. Qg4 Bd7
21. Qxg7#
1-0

[Event "Heatwave continues"]
[Site "SchemingMind.com"]
[Date "2015.08.14"]
[Round "-"]
[White "maro"]
[Black "cnile"]
[Result "1-0"]
[WhiteCountry "MEX"]
[BlackCountry "SCO"]
[WhiteElo "1385"]
[WhiteRD "57"]
[BlackElo "1480"]
[BlackRD "62"]
[GameID "385954"]

1. e4 e5 2. Nf3 Nc6 3. c3 Bc5 4. Bc4 Qe7 5. O-O Nf6 6. Re1 d6 7. d3 Ng4 8. Bg5 Bxf2+ 9. Kh1 f6 10. Bh4 Bxe1
11. Qxe1 Bd7 12. h3 Nh6 13. Nbd2 Nf7 14. Bf2 h6 15. d4 exd4 16. Nxd4 Nce5 17. Bb3 Nd3 18. Qe2 Nfe5 19. Qh5+ Kd8 20. Bg3 Be8
21. Qe2 Nc5 22. Bd5 Bf7 23. Bxf7 Qxf7 24. b4 Re8 25. bxc5 a6 26. cxd6 cxd6 27. Rb1 Rc8 28. Bf2 Rxc3 29. Nf5 b5 30. Bb6+ Kd7
31. Ba5 Nc4 32. Bxc3 d5 33. Qg4 Kc6 34. Nxc4 dxc4 35. Nd4+ Kb6 36. a4 h5 37. a5+ Kb7 38. Qf5 Re5 39. Qf4 g5 40. Qf3 Re8
41. e5+ Kc8 42. exf6 g4 43. Qa8+ Kd7 44. Qc6+ Kd8 45. Nf5 Re6 46. Rd1+ Rd6 47. Rxd6+ Qd7 48. Qxd7#
1-0

[Event "Heatwave continues"]
[Site "SchemingMind.com"]
[Date "2015.08.24"]
[Round "-"]
[White "Manfred Kraut"]
[Black "Chessibelle"]
[Result "1-0"]
[WhiteCountry "GER"]
[BlackCountry "ENG"]
[WhiteElo "1436"]
[WhiteRD "64"]
[BlackElo "1146"]
[BlackRD "58"]
[GameID "386378"]

1. d4 d5 2. Nf3 Nf6 3. e3 e6 4. Bd3 Bd7 5. O-O Be7 6. b3 Nc6 7. Bb2 O-O 8. Nbd2 Bd6 9. Ne5 Be8 10. f4 Nb4
11. a3 Na6 12. Rf3 Nh5 13. Rh3 g6 14. Qg4 Nf6 15. Qh4 h5 16. Rg3 Kh8 17. Qg5 Rg8 18. Ndf3 Be7 19. Qh6+ Nh7 20. Ng5 Rg7
21. e4 f6 22. Nxe6
1-0

[Event "Heatwave continues"]
[Site "SchemingMind.com"]
[Date "2015.08.24"]
[Round "-"]
[White "Chessibelle"]
[Black "Manfred Kraut"]
[Result "0-1"]
[WhiteCountry "ENG"]
[BlackCountry "GER"]
[WhiteElo "1170"]
[WhiteRD "57"]
[BlackElo "1506"]
[BlackRD "62"]
[GameID "386379"]

1. Nf3 g6 2. d4 Bg7 3. e3 d5 4. Nc3 Nf6 5. Bb5+ c6 6. Be2 O-O 7. O-O Nbd7 8. Bd2 a6 9. b4 b5 10. g3 Nb6
11. Ne5 Qc7 12. Bf3 Bh3 13. Re1 Nfd7 14. Ng4 Bxg4 15. Bxg4 e6 16. f4 Nf6 17. Bh3 Ne4 18. Qe2 Nc4 19. Bc1 Nxc3 20. Qf3 Ne4
21. Qg4 f5 22. Qh4 Bf6 23. Qh6 Ncd6 24. Bg2 Nf7 25. Qh3 a5 26. Ba3 Nfd6 27. Rab1 Nc4 28. Rb3 Nxa3 29. Rxa3 axb4 30. Rb3 Rxa2
31. Rc1 Rfa8 32. Rbb1 Nd2 33. Kf2 Nxb1 34. Bf3 Nc3 35. g4 Ra1 36. Rf1 Ne4+ 37. Kg2 Nd2 38. Rf2 Nxf3 39. Kxf3 R8a2 40. g5 Bg7
41. Qg2 h6 42. Rd2 hxg5 43. Qxg5 Rc1 44. Rg2 Raxc2 45. Qxg6 Rxg2 46. Qe8+ Bf8 47. Kxg2 Qg7+ 48. Kf3 Rf1+
0-1

[Event "Heatwave continues"]
[Site "SchemingMind.com"]
[Date "2015.08.23"]
[Round "-"]
[White "grabapawn"]
[Black "Chessibelle"]
[Result "1-0"]
[WhiteCountry "USA"]
[BlackCountry "ENG"]
[WhiteElo "1585"]
[WhiteRD "66"]
[BlackElo "1146"]
[BlackRD "58"]
[GameID "386380"]

1. d4 d5 2. c4 Nf6 3. Nc3 e6 4. Bf4 a6 5. Nf3 Nc6 6. e3 Bb4 7. Rc1 O-O 8. a3 Ba5 9. b4 Bb6 10. Be2 Ba7
11. O-O Ng4 12. c5 Qf6 13. Bg5 Qg6 14. h3 f6 15. Bd3 Qh5 16. hxg4 Qxg4 17. Bh4 Ne7 18. Bg3 Nf5 19. Nh2 Qg5 20. Bf4 Qg6
21. e4 Nh6 22. exd5 f5 23. Qf3 c6 24. dxc6 Rb8 25. Bxb8 Bxb8 26. cxb7 Bd7 27. g3 Qg5 28. Rfe1 Qg6 29. c6 Bxc6 30. Qxc6 Bxg3
31. fxg3 Qxg3+ 32. Qg2 Qxd3 33. Rxe6 Qxd4+ 34. Kh1 Nf7 35. Rxa6 Qf4 36. Ra8 Qxc1+ 37. Qg1 Qxc3 38. Rxf8+ Kxf8 39. Qc5+ Qxc5 40. bxc5 Nd8
41. b8=Q Ke7 42. Qd6+
1-0

[Event "Heatwave continues"]
[Site "SchemingMind.com"]
[Date "2015.08.23"]
[Round "-"]
[White "Chessibelle"]
[Black "grabapawn"]
[Result "1-0"]
[WhiteCountry "ENG"]
[BlackCountry "USA"]
[WhiteElo "1170"]
[WhiteRD "57"]
[BlackElo "1594"]
[BlackRD "58"]
[GameID "386381"]

1. Nf3 c5 2. Nc3 d6 3. d4 cxd4 4. Qxd4 Nc6 5. Qd3 g6 6. e4 Bg7 7. Bd2 Bd7 8. Be2 Rb8 9. Qc4 a6 10. Ng5 e6
11. Bf3 h6 12. Nh3 Nge7 13. Nf4 b5 14. Qd3 b4 15. Nce2 Ne5 16. Qe3 O-O 17. g3 Nc4 18. Qd3 Nxb2 19. Qxd6 Rb6 20. Qc5 Rb5
21. Qe3 Nd3+ 22. Qxd3 Bxa1 23. O-O Bf6 24. c4 bxc3 25. Nxc3 Rb6 26. h3 Qc7 27. Rc1 Qd6 28. Qe3 g5 29. Nh5 Ng6 30. Nxf6+ Kg7
31. Nxd7 Qxd7 32. Na4 Rc6 33. Rd1 Kh7 34. Bb4 Qc7 35. Bxf8 Nxf8 36. e5 Rc4 37. Nb2 Rc3 38. Qe4+ Ng6 39. Be2 Rc2 40. Nc4 Rxa2
41. Bd3 Qc5 42. Nd2 a5 43. Qb7 Kg7 44. Kf1 Nxe5 45. Bb1 Ra3 46. Ne4 Qc4+ 47. Kg1 Nf3+ 48. Kh1 Qe2 49. Qd7 Ne5 50. Qd6 Rxg3
51. Nxg3 Qf3+ 52. Kg1 g4 53. Rf1 Ng6 54. Qd4+ e5 55. Qd7 Nf4 56. Nf5+ Kf6 57. Qe7+
1-0

[Event "Heatwave continues"]
[Site "SchemingMind.com"]
[Date "2015.08.24"]
[Round "-"]
[White "cnile"]
[Black "Chessibelle"]
[Result "1-0"]
[WhiteCountry "SCO"]
[BlackCountry "ENG"]
[WhiteElo "1482"]
[WhiteRD "65"]
[BlackElo "1170"]
[BlackRD "57"]
[GameID "386382"]

1. e4 e5 2. Nf3 Nc6 3. Bb5 Nf6 4. d3 Bb4+ 5. c3 Bc5 6. O-O O-O 7. b4 Bb6 8. Bg5 a6 9. Ba4 Qe7 10. Nbd2 Qe6
11. Bb3 Qe7 12. Nc4 Na7 13. Ncxe5 Kh8 14. a4 d6 15. Nc4 Bg4 16. a5 Nc8 17. axb6 Nxb6 18. Ne3 Bh5 19. Ra5 h6 20. Bxf6 Qxf6
21. Rxh5 Nd7 22. Rf5 Qe7 23. Nd5 Qd8 24. Nf4 g6 25. Ra5 Qf6 26. Qd2 b6 27. Raa1 c5 28. Nd5 Qd8 29. Qxh6+ Kg8 30. Ng5 Nf6
31. Nxf6+ Qxf6 32. Qh7#
1-0

[Event "Heatwave continues"]
[Site "SchemingMind.com"]
[Date "2015.08.24"]
[Round "-"]
[White "Chessibelle"]
[Black "cnile"]
[Result "0-1"]
[WhiteCountry "ENG"]
[BlackCountry "SCO"]
[WhiteElo "1170"]
[WhiteRD "57"]
[BlackElo "1482"]
[BlackRD "65"]
[GameID "386383"]

1. Nf3 d5 2. d4 Nf6 3. Nc3 Bf5 4. a3 e6 5. Bd2 c6 6. e3 Bd6 7. g3 h6 8. Be2 Nbd7 9. O-O O-O 10. Re1 a6
11. b4 e5 12. Nh4 Bh7 13. f4 e4 14. Bf1 Re8 15. Qe2 Nf8 16. Nd1 Ng6 17. Nf2 Nxh4 18. Ng4 Nf5 19. Bh3 Be7 20. Ne5 Nd6
21. Qf2 Bf5 22. g4 Bd7 23. Qg3 Nh7 24. f5 Bf6 25. c3 Ng5 26. Bg2 Bxe5 27. Qh4 Bf6 28. Qg3 Nc4 29. Bc1 Be7 30. h4 Nh7
31. Rf1 Bxh4 32. Qh2 Nd6 33. Qxd6 Nf6 34. Bh3 Rc8 35. Bd2 Qc7 36. Qc5 Qg3+ 37. Bg2 Nxg4 38. Rfd1 Bxf5 39. Kf1 Qf2#
0-1

[Event "Heatwave continues"]
[Site "SchemingMind.com"]
[Date "2015.08.24"]
[Round "-"]
[White "maro"]
[Black "Chessibelle"]
[Result "1-0"]
[WhiteCountry "MEX"]
[BlackCountry "ENG"]
[WhiteElo "1435"]
[WhiteRD "62"]
[BlackElo "1146"]
[BlackRD "58"]
[GameID "386384"]

1. e4 e5 2. d4 Qf6 3. d5 d6 4. Nf3 Qd8 5. Bb5+ c6 6. dxc6 Be7 7. cxb7+ Kf8 8. bxa8=Q Qb6 9. Qad5 Nf6 10. Qc4 Qd8
11. Ng5
1-0

[Event "Heatwave continues"]
[Site "SchemingMind.com"]
[Date "2015.08.24"]
[Round "-"]
[White "Chessibelle"]
[Black "maro"]
[Result "0-1"]
[WhiteCountry "ENG"]
[BlackCountry "MEX"]
[WhiteElo "1170"]
[WhiteRD "57"]
[BlackElo "1385"]
[BlackRD "56"]
[GameID "386385"]

1. Nf3 Nc6 2. Nc3 d5 3. d4 e5 4. dxe5 Be6 5. Bd2 Bc5 6. e3 Nge7 7. Bb5 O-O 8. Bd3 Qc8 9. a3 Nf5 10. e4 dxe4
11. Bxe4 Rd8 12. O-O Bd4 13. Nxd4 Ncxd4 14. h3 c6 15. Qg4 g6 16. Na4 Ne3 17. Qg3 Nexc2 18. Rac1 Bc4 19. Rfd1 Ne2+
0-1

[Event "Heatwave continues"]
[Site "SchemingMind.com"]
[Date "2015.08.26"]
[Round "-"]
[White "Manfred Kraut"]
[Black "klapa"]
[Result "1-0"]
[WhiteCountry "GER"]
[BlackCountry "POL"]
[WhiteElo "1506"]
[WhiteRD "62"]
[BlackElo "1385"]
[BlackRD "68"]
[GameID "386473"]

1. d4 d5 2. Nf3 Be6 3. e3 Bf5 4. Nbd2 Nf6 5. Bd3 Bxd3 6. cxd3 e6 7. O-O Bd6 8. b3 O-O 9. Bb2 b5 10. Ne5 Qe8
11. f4 Nc6 12. f5 exf5 13. Rxf5 Qd8 14. Nxc6 Qd7 15. e4 Qxc6 16. exd5 Bxh2+ 17. Kxh2 Qd6+ 18. g3 Nxd5 19. Ne4 Qe6 20. Qf3 Rac8
21. Ng5 Qc6 22. Qxd5 Qc2+ 23. Kh3 Qxb2 24. Nxf7 Qa3 25. Nh6+ Kh8 26. Qg8+ Rxg8 27. Nf7#
1-0

[Event "Heatwave continues"]
[Site "SchemingMind.com"]
[Date "2015.08.26"]
[Round "-"]
[White "klapa"]
[Black "Manfred Kraut"]
[Result "1-0"]
[WhiteCountry "POL"]
[BlackCountry "GER"]
[WhiteElo "1406"]
[WhiteRD "64"]
[BlackElo "1557"]
[BlackRD "62"]
[GameID "386474"]

1. e4 c5 2. b3 Nc6 3. Bb2 Nf6 4. Nf3 d6 5. d4 cxd4 6. Nxd4 g6 7. Bb5 Bd7 8. O-O Bg7 9. a4 O-O 10. Nxc6 Bxc6
11. Bxc6 bxc6 12. Na3 Nxe4 13. Bxg7 Kxg7 14. Qd4+ Nf6 15. Qc3 c5 16. Rad1 Qb6 17. a5 Qc6 18. b4 Kg8 19. b5 Qc8 20. a6 d5
21. Qe5 d4 22. Qxe7 Ng4 23. Rd3 Qb8 24. Rg3 Re8 25. Qg5 Ne5 26. f4 Nd7 27. f5 f6 28. Qh6 g5 29. Rxg5+ Kf7 30. Qg7#
1-0

[Event "Heatwave continues"]
[Site "SchemingMind.com"]
[Date "2015.08.26"]
[Round "-"]
[White "grabapawn"]
[Black "klapa"]
[Result "1-0"]
[WhiteCountry "USA"]
[BlackCountry "POL"]
[WhiteElo "1594"]
[WhiteRD "58"]
[BlackElo "1385"]
[BlackRD "68"]
[GameID "386475"]

1. e4 e5 2. d4 Bd6 3. Nf3 Nf6 4. Nc3 O-O 5. Bc4 Bb4 6. Bd2 Bxc3 7. Bxc3 b6 8. Qd3 d6 9. O-O-O Ng4 10. dxe5 Nxf2
11. Qe3 Nxd1 12. Rxd1 dxe5 13. Rxd8 Rxd8 14. Nxe5 Nd7 15. Nxf7 Rf8 16. Qd4 Nf6 17. Nd6+ Kh8 18. Nf7+ Rxf7 19. Qd8+ Ng8 20. Bxf7 Bb7
21. Qxc7
1-0

[Event "Heatwave continues"]
[Site "SchemingMind.com"]
[Date "2015.08.25"]
[Round "-"]
[White "klapa"]
[Black "grabapawn"]
[Result "0-1"]
[WhiteCountry "POL"]
[BlackCountry "USA"]
[WhiteElo "1385"]
[WhiteRD "68"]
[BlackElo "1594"]
[BlackRD "58"]
[GameID "386476"]

1. e4 c5 2. f4 d6 3. f5 Nf6 4. Nc3 Nc6 5. d3 g6 6. fxg6 fxg6 7. Nf3 Bg7 8. Bg5 O-O 9. Ne2 Bd7 10. Qd2 Nh5
11. Bh4 Ne5 12. c4 h6 13. b4 Nxf3+ 14. gxf3 Bxa1 15. Qxh6 Be8 16. Rg1 Bg7 17. Qe3 Kh7 18. f4 cxb4 19. f5 b3 20. axb3 Qa5+
21. Kd1 Qa1+ 22. Nc1 a5 23. Bxe7 Rg8 24. Bxd6 a4 25. Ke2 Bd4 26. Qg5 Qb2+ 27. Kd1 a3 28. Rg2 Qc3 29. Bxa3 Rxa3 30. Qe7+ Bg7
31. Qxa3 gxf5 32. Rg5 Bh6 33. Rxg8 Qd2#
0-1

[Event "Heatwave continues"]
[Site "SchemingMind.com"]
[Date "2015.08.30"]
[Round "-"]
[White "cnile"]
[Black "klapa"]
[Result "1-0"]
[WhiteCountry "SCO"]
[BlackCountry "POL"]
[WhiteElo "1480"]
[WhiteRD "62"]
[BlackElo "1406"]
[BlackRD "64"]
[GameID "386477"]

1. e4 e5 2. Nf3 Nc6 3. Bb5 Nf6 4. d3 Bd6 5. c3 O-O 6. Bg5 a5 7. Nbd2 a4 8. Bxa4 Qe7 9. b4 Qe6 10. O-O Nd8
11. Bb3 b6 12. Bxe6 Nxe6 13. a4 Be7 14. Bxf6 Bxf6 15. Nc4 Rb8 16. Ncxe5 d6 17. Nc6 Ra8 18. e5 dxe5 19. Ncxe5 Bxe5 20. d4 Bd6
21. Re1 Bd7 22. h3 Nd8 23. Qb3 c5 24. dxc5 bxc5 25. Qd5 Ra6 26. a5 Be6 27. Qd2 c4 28. Rad1 Nb7 29. Nd4 Bd7 30. Qg5 Bc7
31. Nf3 Rg6 32. Qxg6 hxg6 33. Rxd7 Rc8 34. Ng5 Nd8 35. Re8#
1-0

[Event "Heatwave continues"]
[Site "SchemingMind.com"]
[Date "2015.08.26"]
[Round "-"]
[White "klapa"]
[Black "cnile"]
[Result "1-0"]
[WhiteCountry "POL"]
[BlackCountry "SCO"]
[WhiteElo "1406"]
[WhiteRD "64"]
[BlackElo "1480"]
[BlackRD "62"]
[GameID "386478"]

1. d4 Nf6 2. Nc3 e6 3. e4 d5 4. e5 Nfd7 5. Be3 c5 6. Qd3 Nc6 7. Nf3 cxd4 8. Bxd4 Qc7 9. Nb5 Qa5+ 10. Bc3 Bb4
11. Bxb4 Qxb4+ 12. c3 Qa5 13. b4 Qd8 14. Be2 Ncxe5 15. Qe3 Ng6 16. O-O Nb6 17. Ne5 Bd7 18. Nxg6 hxg6 19. Qe5 O-O 20. Nd4 Na4
21. Rac1 Qh4 22. c4 dxc4 23. Rxc4 Bc6 24. Nxe6 fxe6 25. Qxe6+ Rf7 26. Rxh4 Re8 27. Qg4 Re4 28. Qh3 Rxh4 29. Qxh4 Nc3 30. Bc4 Bd5
31. Bxd5 Nxd5 32. Qd8+ Kh7 33. Qxd5
1-0

[Event "Heatwave continues"]
[Site "SchemingMind.com"]
[Date "2015.08.26"]
[Round "-"]
[White "maro"]
[Black "klapa"]
[Result "0-1"]
[WhiteCountry "MEX"]
[BlackCountry "POL"]
[WhiteElo "1385"]
[WhiteRD "57"]
[BlackElo "1406"]
[BlackRD "64"]
[GameID "386479"]

1. e4 e5 2. Nc3 Nf6 3. Bc4 Bd6 4. Nf3 O-O 5. O-O Nc6 6. d4 exd4 7. Nxd4 Nxd4 8. Re1 Be5 9. Be3 c6 10. Bxd4 b5
11. Bb3 a5 12. Bxe5 a4 13. Bxf6 Qxf6 14. e5 Qg6 15. e6 dxe6 16. Bxe6 Bxe6 17. Ne4 Rad8 18. Qf3 Bd5 19. Qf4 Rfe8 20. f3 f5
21. Nc5 Rxe1+ 22. Rxe1 Re8 23. Rxe8+ Qxe8 24. h3 Qe7 25. Nd3 g6 26. Qb8+ Kg7 27. Ne5 Kh6 28. f4 Bxa2 29. g4 fxg4 30. Nxg4+ Kh5
31. Qb6 Qe1+ 32. Kg2 Bd5+ 33. Kh2 Qh1+ 34. Kg3 Qg2#
0-1

[Event "Heatwave continues"]
[Site "SchemingMind.com"]
[Date "2015.08.25"]
[Round "-"]
[White "klapa"]
[Black "maro"]
[Result "1-0"]
[WhiteCountry "POL"]
[BlackCountry "MEX"]
[WhiteElo "1385"]
[WhiteRD "68"]
[BlackElo "1385"]
[BlackRD "56"]
[GameID "386480"]

1. b3 e5 2. c4 d6 3. Bb2 Nf6 4. d3 Nc6 5. e4 Bg4 6. Be2 Nd4 7. Bxd4 exd4 8. Bxg4 Be7 9. Qf3 O-O 10. Nh3 c5
11. O-O Nxg4 12. Qxg4 g6 13. f4 h5 14. Qe2 Re8 15. e5 dxe5 16. fxe5 Bf6 17. Qf3 Bxe5 18. Qxf7+ Kh8 19. Qxg6 Bg7 20. Ng5 Kg8
21. Qh7#
1-0

[Event "Heatwave continues"]
[Site "SchemingMind.com"]
[Date "2015.08.26"]
[Round "-"]
[White "klapa"]
[Black "Chessibelle"]
[Result "1-0"]
[WhiteCountry "POL"]
[BlackCountry "ENG"]
[WhiteElo "1385"]
[WhiteRD "68"]
[BlackElo "1170"]
[BlackRD "57"]
[GameID "386481"]

1. g3 e5 2. e4 Nc6 3. f4 d6 4. f5 Nf6 5. Bg2 Be7 6. d3 O-O 7. Nc3 a6 8. Be3 b6 9. Nd5 g6 10. h4 Nh5
11. Qf3 Na7 12. O-O-O Qd7 13. Bh6 Re8 14. f6 Bf8 15. Bxf8 Kxf8 16. Ne7 Bb7 17. Bh3 Qd8 18. Bg4 Ng7 19. h5 c5 20. hxg6 fxg6
21. Nd5 Kf7 22. Rxh7 Bc8 23. Rxg7+ Kf8 24. f7 Kxg7 25. Rf1 Rf8 26. Nh3 Nc6 27. Nxb6 Qxb6 28. Qf6+ Kh7 29. Ng5+ Kh6 30. Rh1#
1-0

[Event "Heatwave continues"]
[Site "SchemingMind.com"]
[Date "2015.08.26"]
[Round "-"]
[White "Chessibelle"]
[Black "klapa"]
[Result "0-1"]
[WhiteCountry "ENG"]
[BlackCountry "POL"]
[WhiteElo "1197"]
[WhiteRD "59"]
[BlackElo "1406"]
[BlackRD "64"]
[GameID "386482"]

1. Nf3 d5 2. d4 Nc6 3. e3 Be6 4. Nc3 Nf6 5. Be2 Bg4 6. Bb5 a6 7. Bd3 Qd6 8. Bd2 Bxf3 9. Qxf3 b5 10. a3 b4
11. Na4 b3 12. Qd1 e6 13. cxb3 Be7 14. O-O O-O 15. Nc5 a5 16. g3 e5 17. f4 exd4 18. e4 dxe4 19. Nxe4 Nxe4 20. Bxe4 d3
21. Qg4 Rab8 22. f5 f6 23. Qf3 Rxb3 24. Bxc6 Rxb2 25. Bd5+ Kh8 26. Bxa5 Bd8 27. Be4 Qd4+ 28. Kh1 d2 29. Rfd1 Rb5 30. Bc3 Qc5
31. Bxd2 Rb6 32. h4 Qe7 33. Be3 c5 34. Qg2 Bc7 35. Bd5 Qxe3 36. Rg1 Qe5 37. Be4 Re8 38. Qe2 Rb2 39. Qd3 Qf4 40. gxf4 Bxf4
41. Rg2 Rbb8 42. Bf3 Rbd8 43. Qc4 Rd4 44. Qf7 Rg8 45. Qa7 Be5 46. Qxc5 Rxh4+ 47. Kg1 Bd4+ 48. Qxd4 Rxd4 49. Rh2 Rd3 50. Be2 Rg3+
51. Kf2 Rc3 52. Rah1 h6 53. Rh4 Rxa3 54. Bc4 Rc8 55. Be6 Rc2+ 56. Kg1 Ra1#
0-1